000 00872nam a2200289 a 4500
001 86273
003 BD-RjUL
005 20260331122629.0
008 260331s2021 nyu 000 0 eng
020 _a9780393643350
035 _a(BD-RjUL)86273
040 _aDLC
_cDLC
_dDLC
_dBD-RjUL
_beng
041 _aeng
082 0 0 _223
_a822.3
_bMAJ 2021
100 1 _aMarlowe, Christopher,
_d1564-1593.
245 1 4 _aThe Jew of Malta /
_cChristopher Marlowe ; edited by Lloyd Edward Kermode
250 _aCritical ed.
260 _aNew York :
_bW W Norton & Co Inc.,
_cc2021.
300 _axvii, 552 p. ;
_c21 cm.
336 _atext
_btxt
_2rdacontent
337 _aunmediated
_bn
_2rdamedia
338 _avolume
_bnc
_2rdacarrier
650 0 _aJews
_vDrama.
_917922
651 0 _aMalta
_vDrama.
_917923
700 _aKermode, Lloyd Edward (Editor)
_917924
942 _2ddc
_cBK
999 _c86273
_d86273